[Event "Warsaw YMCA Winter-B 73rd"]
[Site "Warsaw"]
[Date "2010.02.25"]
[Round "8"]
[White "Proszynski, Waldemar"]
[Black "Kadzinski, Wieslaw"]
[Result "0-1"]
[WhiteElo "2033"]
[BlackElo "1987"]
[PlyCount "51"]
[EventDate "2010.01.07"]
[EventType "tourn"]
[EventRounds "11"]
[EventCountry "POL"]
[SourceTitle "EXT 2011"]
[Source "ChessBase"]
[SourceDate "2010.11.26"]
[SourceVersion "1"]
[SourceVersionDate "2010.11.26"]
[SourceQuality "1"]

1. d4 Nf6 2. c4 g6 3. Nc3 Bg7 4. e4 d6 5. Be2 0-0 6. g4 c5 7. d5 e6 8. g5 Ne8 9. h4 exd5 10. cxd5 Nc7 11. Be3 b5 12. Qc2 b4 13. Na4 Bd7 14. 0-0-0 Nb5 15. Nf3 Qa5 16. Bxb5 Bxb5 17. b3 Bxa4 18. bxa4 Nd7 19. Nd2 Nb6 20. f4 Nxa4 21. Nc4 Qa6 22. e5 dxe5 23. Nxe5 Nc3 24. h5 Qa3+ 25. Kd2 Nxd5 26. hxg6 0-1

[Event "Warsaw YMCA Winter-B 73rd"]
[Site "Warsaw"]
[Date "2010.01.28"]
[Round "4"]
[White "Proszynski, Waldemar"]
[Black "Jarmula, Pawel"]
[Result "1/2-1/2"]
[WhiteElo "2033"]
[BlackElo "1909"]
[PlyCount "80"]
[EventDate "2010.01.07"]
[EventType "tourn"]
[EventRounds "11"]
[EventCountry "POL"]
[SourceTitle "EXT 2011"]
[Source "ChessBase"]
[SourceDate "2010.11.26"]
[SourceVersion "1"]
[SourceVersionDate "2010.11.26"]
[SourceQuality "1"]

1. d4 c5 2. d5 d6 3. e4 Nf6 4. f3 g6 5. Nc3 Bg7 6. Be3 a6 7. a4 0-0 8. Qd2 Nbd7 9. g4 Ne5 10. h4 h5 11. gxh5 Nxh5 12. Bh3 Bxh3 13. Rxh3 Nc4 14. Qc1 Nxe3 15. Qxe3 Bd4 16. Qg5 e5 17. Qxd8 Rfxd8 18. Kd2 Nf4 19. Rh2 Bxc3+ 20. bxc3 b5 21. Nh3 Nxh3 22. Rxh3 Kg7 23. Rg3 Kf6 24. Ke3 Rh8 25. Rg4 b4 26. f4 exf4+ 27. Rxf4+ Ke7 28. Raf1 Rh7 29. cxb4 cxb4 30. Kd4 Rc8 31. R1f2 Rc3 32. Rg2 a5 33. e5 dxe5+ 34. Kxe5 Rh5+ 35. Kd4 Kd6 36. Rf6+ Ke7 37. Rf4 Kd6 38. Rf6+ Ke7 39. Rf4 Kd6 40. Rf6+ Ke7 1/2-1/2

[Event "Warsaw Elo-B"]
[Site "Warsaw"]
[Date "2008.01.30"]
[Round "5"]
[White "Jozwik, Jacek"]
[Black "Proszynski, Waldemar"]
[Result "1-0"]
[WhiteElo "2047"]
[BlackElo "2072"]
[PlyCount "80"]
[EventDate "2008.01.02"]
[EventType "tourn"]
[EventRounds "13"]
[EventCountry "POL"]
[SourceTitle "EXT 2010"]
[Source "ChessBase"]
[SourceDate "2010.11.25"]
[SourceVersion "1"]
[SourceVersionDate "2010.11.25"]
[SourceQuality "1"]

1. d4 Nf6 2. Nf3 d5 3. g3 c5 4. Bg2 cxd4 5. Nxd4 e5 6. Nf3 Nc6 7. c4 d4 8. 0-0 Be7 9. e3 dxe3 10. Bxe3 Qxd1 11. Rxd1 Be6 12. b3 Ng4 13. Nc3 Nxe3 14. fxe3 Bc5 15. Kf2 f6 16. Ne1 Rc8 17. Bd5 Ke7 18. Nd3 b6 19. Bxe6 Kxe6 20. Nxc5+ bxc5 21. Ne4 Ne7 22. Rd6+ Kf5 23. Kf3 Rc7 24. Rad1 Kg6 25. Rd7 Rhc8 26. Nxc5 Rxd7 27. Rxd7 Rxc5 28. Rxe7 a5 29. Rd7 a4 30. Rd5 Rc6 31. c5 axb3 32. axb3 Rc7 33. Ke4 Kf7 34. Kd3 Ke6 35. Kc4 Kf5 36. b4 Ke4 37. Rd3 Kf3 38. b5 e4 39. Rb3 Kg2 40. b6 Rc8 1-0

[Event "POL-chT 2nd League"]
[Site "Lublin"]
[Date "2006.09.07"]
[Round "6.65"]
[White "Zielinski, Olgierd"]
[Black "Proszynski, Waldemar"]
[Result "1-0"]
[WhiteElo "1991"]
[BlackElo "2069"]
[PlyCount "34"]
[EventDate "2006.09.02"]
[EventType "team-swiss"]
[EventRounds "9"]
[EventCountry "POL"]
[SourceTitle "EXT 2019"]
[Source "ChessBase"]
[SourceDate "2018.10.10"]
[SourceVersion "1"]
[SourceVersionDate "2018.10.10"]
[SourceQuality "1"]
[WhiteTeam "Torun Apator"]
[BlackTeam "Miedzyborow Wrzos"]
[WhiteTeamCountry "POL"]
[BlackTeamCountry "POL"]

1. e4 d5 2. exd5 Qxd5 3. Nc3 Qd8 4. d4 c6 5. Bc4 Nf6 6. Nf3 Bf5 7. Ne5 e6 8. g4 Bg6 9. h4 Bb4 10. f3 Nfd7 11. Nxd7 Nxd7 12. h5 Nb6 13. Bb3 Bxc2 14. Bxc2 Qd6 15. Kf2 Qc7 16. a3 Bd6 17. Ne4 0-0-0 1-0

[Event "POL-chT 2nd League"]
[Site "Lublin"]
[Date "2006.09.06"]
[Round "5.65"]
[White "Proszynski, Waldemar"]
[Black "Hermanowicz, Dominika"]
[Result "0-1"]
[WhiteElo "2069"]
[BlackElo "2088"]
[PlyCount "80"]
[EventDate "2006.09.02"]
[EventType "team-swiss"]
[EventRounds "9"]
[EventCountry "POL"]
[SourceTitle "EXT 2019"]
[Source "ChessBase"]
[SourceDate "2018.10.10"]
[SourceVersion "1"]
[SourceVersionDate "2018.10.10"]
[SourceQuality "1"]
[WhiteTeam "Miedzyborow Wrzos"]
[BlackTeam "Wroclaw AZS Politechnika"]
[WhiteTeamCountry "POL"]
[BlackTeamCountry "POL"]

1. d4 Nf6 2. c4 d6 3. Nc3 g6 4. e4 Bg7 5. Nf3 0-0 6. h3 Nbd7 7. Be3 e5 8. d5 Ne8 9. g4 a5 10. Qd2 c6 11. Bd3 Nc7 12. Ke2 Nc5 13. Rag1 Nxd3 14. Qxd3 b5 15. dxc6 bxc4 16. Qd2 Rb8 17. h4 Ne6 18. h5 Nd4+ 19. Nxd4 exd4 20. Bxd4 Bxd4 21. Qxd4 Rxb2+ 22. Ke3 Qb6 23. Qxb6 Rxb6 24. Nd5 Ra6 25. g5 Kg7 26. hxg6 fxg6 27. Nf6 Rh8 28. c7 Rc6 29. Kd4 Rxc7 30. Rxh7+ Rxh7 31. Ne8+ Kf8 32. Nxc7 Rxc7 33. Kc3 Rf7 34. Rb1 Be6 35. Rb8+ Ke7 36. a4 Rf3+ 37. Kb2 Rxf2+ 38. Kc3 Rf3+ 39. Kc2 Ra3 40. Rb7+ Bd7 0-1

[Event "Milanowek op"]
[Site "Milanowek"]
[Date "2001.??.??"]
[Round "7"]
[White "Adamski, Jan"]
[Black "Proszynski, Waldemar"]
[Result "1-0"]
[WhiteElo "2360"]
[BlackElo "2070"]
[PlyCount "69"]
[EventDate "2001.??.??"]
[EventType "swiss"]
[EventRounds "9"]
[EventCountry "POL"]
[SourceTitle "EXT 2003"]
[Source "ChessBase"]
[SourceDate "2002.11.25"]
[SourceVersion "1"]
[SourceVersionDate "2002.11.25"]
[SourceQuality "1"]

1. Nf3 Nf6 2. c4 e6 3. g3 b6 4. Bg2 Bb7 5. 0-0 Be7 6. Nc3 0-0 7. d4 d6 8. d5 e5 9. e4 Ne8 10. Ne1 g6 11. Nd3 Nd7 12. Bh6 Ng7 13. Qd2 Nc5 14. Nxc5 bxc5 15. Bh3 Bc8 16. Bxc8 Qxc8 17. Kg2 f5 18. f3 Rf7 19. Bxg7 Kxg7 20. Rab1 Rb8 21. Nb5 Rb7 22. b3 a6 23. Nc3 f4 24. g4 Rf8 25. Ne2 Rh8 26. h3 Qd7 27. Rh1 Bh4 28. Qc3 Bf6 29. h4 h6 30. h5 Bg5 31. hxg6 Kxg6 32. Rh5 Rb4 33. Nc1 Rbb8 34. Nd3 Rb6 35. Qxe5 1-0

[Event "Milanowek op"]
[Site "Milanowek"]
[Date "2001.??.??"]
[Round "4"]
[White "Proszynski, Waldemar"]
[Black "Kowalska, Elzbieta"]
[Result "1-0"]
[WhiteElo "2070"]
[BlackElo "2045"]
[PlyCount "87"]
[EventDate "2001.??.??"]
[EventType "swiss"]
[EventRounds "9"]
[EventCountry "POL"]
[SourceTitle "EXT 2003"]
[Source "ChessBase"]
[SourceDate "2002.11.25"]
[SourceVersion "1"]
[SourceVersionDate "2002.11.25"]
[SourceQuality "1"]

1. c4 Nf6 2. Nc3 g6 3. e4 d6 4. d4 Bg7 5. Be2 0-0 6. Be3 Nbd7 7. Qd2 c5 8. d5 Qa5 9. f4 a6 10. g4 Rb8 11. g5 Ne8 12. h4 b5 13. cxb5 axb5 14. h5 Ba6 15. Bg4 b4 16. Nd1 Qb5 17. Nf3 f5 18. gxf6 Rxf6 19. hxg6 Rxg6 20. Bf5 Rh6 21. Rg1 Nf8 22. Nf2 Kh8 23. Ng5 Rh2 24. e5 h6 25. Nf3 Rg2 26. 0-0-0 Rxg1 27. Rxg1 Qe2 28. Be4 Qxd2+ 29. Kxd2 Nd7 30. Ng4 Nb6 31. b3 Nc7 32. Rh1 Nbxd5 33. Nxh6 Nxe3 34. Kxe3 d5 35. Nf5+ Kg8 36. Nxe7+ Kf8 37. Nxd5 Nxd5+ 38. Bxd5 Rd8 39. Rd1 Bc8 40. Ke4 Bg4 41. Rd3 Ke7 42. f5 Bh6 43. Bc4 Rxd3 44. Bxd3 1-0

[Event "Milanowek op"]
[Site "Milanowek"]
[Date "2001.??.??"]
[Round "3"]
[White "Sliwerski, Radoslaw"]
[Black "Proszynski, Waldemar"]
[Result "1/2-1/2"]
[WhiteElo "2140"]
[BlackElo "2070"]
[PlyCount "92"]
[EventDate "2001.??.??"]
[EventType "swiss"]
[EventRounds "9"]
[EventCountry "POL"]
[SourceTitle "EXT 2003"]
[Source "ChessBase"]
[SourceDate "2002.11.25"]
[SourceVersion "1"]
[SourceVersionDate "2002.11.25"]
[SourceQuality "1"]

1. d4 d5 2. c4 e6 3. Nc3 Be7 4. Nf3 Nf6 5. Bg5 c6 6. e3 h6 7. Bxf6 Bxf6 8. Rc1 Nd7 9. Bd3 0-0 10. 0-0 Re8 11. Re1 dxc4 12. Bxc4 Nf8 13. Ne4 Be7 14. Ne5 Bf6 15. Ng4 Be7 16. Ne5 Bf6 17. Nxf6+ Qxf6 18. Qh5 Re7 19. e4 Qg5 20. Qxg5 hxg5 21. Nf3 f6 22. h3 Bd7 23. d5 exd5 24. exd5 Rxe1+ 25. Rxe1 cxd5 26. Bxd5+ Kh8 27. Re7 Rc8 28. Bb3 Re8 29. Rxe8 Bxe8 30. Nd4 Bd7 31. Bd5 b6 32. Kf1 Ng6 33. Bc6 Bc8 34. Ke2 Kg8 35. Nb5 a6 36. Nc7 Kf8 37. g3 Ke7 38. Be4 Ne5 39. Bg2 b5 40. b3 Kd7 41. Nd5 Kd6 42. Ne3 Kc5 43. Nc2 a5 44. a3 b4 45. axb4+ axb4 46. Ke3 Ng6 1/2-1/2